000 01074nam a2200277 a 4500
001 000019520
005 20200929170037.0
008 100629s1975 sp ab 001 0 spa d
020 _a8470312146
040 _aDO-SdBNP
_bspa
_cBNPHU
041 1 7 _aspa
_heng
_2Código de idioma MARC
082 _annnn
_bW729g
100 1 _aWilliamson, G.,
_941890
240 1 3 _aAn introduction to animal husbandry in the tropics.
_lEspañol.
245 1 3 _aLa ganaderia en regiones tropical /
_cG. Williamson, W. J. A. Payne ; traducción de María de Sales Viñas.
260 _aBarcelona :
_bBlume,
_c1975.
300 _a468 p. :
_bil., mapas ;
_c24 cm.
490 1 _aAgricultura tropical
504 _aIncluye referencias bibliográficas y notas al pie de las páginas.
534 _pTítulo original en inglés:
_tAn introduction to animal husbandry in the tropics.
_cLondres : Logmans, Green and Co
500 _aIncluye índice
700 1 _aSales Viñas, María de,
_etr.
_941891
700 1 _aPayne, W. J. A.,
_941892
830 0 _aAgricultura tropical
_941893
049 _aBNGR
999 _c19036
_d19036